Statistics for Cities With The Most Highrise Buildings

Click here to take the quiz!

General Stats

  • This quiz has been taken 1,861 times
    (1,859 since last reset)
  • The average score is 14 of 21

Answer Stats

Continent# Of BuildingsAnswer% Correct
North America6,524New York City
99%
Europe1,478London
93%
Asia7,685Hong Kong
92%
Asia2,702Tokyo
90%
South America2,564Rio De Janeiro
89%
North America1,125Chicago
86%
Europe3,273Moscow
84%
South America6,361Sao Paulo
83%
South America1,709Buenos Aires
76%
North America1,868Toronto
72%
Asia4,368Singapore
69%
Asia2,877Seoul
67%
Europe1,127Madrid
65%
Asia1,106Bangkok
56%
Asia1,614Mumbai
56%
Asia2,148Istanbul
55%
Asia1,463Osaka
55%
North America1,364Mexico City
52%
South America1,109Caracas
44%
Europe1,770St Petersburg
40%
Europe1,531Kiev
22%

Score Distribution

Percentile by Number Answered

Percent of People with Each Score

Your Score History

You have not taken this quiz since the last reset